000 01329nam a2200265Ia 4500
000 01815naaa 00361uu
001 https://directory.doabooks.org/handle/20.500.12854/63643
005 20260218110022.0
008 211013s9999 xx 000 0 und d
024 _a10.1515/9783110693959
042 _adc
245 0 _aTerrorizing Images : Trauma and Ekphrasis in Contemporary Literature
260 _aBerlin/Boston
_bDe Gruyter
_c2020
300 _a1 electronic resource (204 p.)
520 _aThis book combines two focal points: trauma and ekphrasis. It responds to the recognition of how terrorizing images permeate the public sphere in connection with traumatic experiences and conflicts and emphasizes the ways in which such images are described and interpreted by words. Contributors analyze the use of verbally represented images in a variety of literary texts, written in several different languages.
540 _aCreative Commons
653 _aTrauma
700 1 _aIvan Armstrong, Charles
700 1 _aIvan Armstrong, Charles
700 1 _aLangas, Unni
700 1 _aLangas, Unni
856 _uhttps://docs.google.com/spreadsheets/d/1yKIrdCPDAG_9c22mwoOIO2DOhtj65Wqa/edit?usp=sharing&ouid=106555315294820607512&rtpof=true&sd=true
_yList of Curated E-Books
942 _cE-BOOK
999 _c90772
_d90769